00324nam a2200109Ia 4500008004100000082000800041100001900049245003000068942000600098952009500104999001500199240331s9999 xx 000 0 und d bSIV aSivasekaram, S 0aMa O Tse Tung Kavithaigal cL 001040708LaWERCLbWERCLcSSCd2024-03-31l0o 800 SIVp5124r2024-03-31w2024-03-31yL c3725d3725